000 00544nam a22001817a 4500
005 20251108171252.0
008 250721s1971 xx 000 0 ara d
082 1 4 _a347.99565/هلس
100 1 _aالهلسا، أديب
245 1 0 _aأسس التشريع و النظام القضائي في الأردن /
264 1 _aالقاهرة :
_bمعهد البحوث و الدراسات،
_c1971.
300 _a184ص.
650 1 7 _aالقضاء
650 1 7 _aالأردن
650 1 7 _aالمحاكم
942 _2ddc
_cBK
999 _c60912
_d60912